[Event "American Continental 16th"]
[Site "San Salvador"]
[Date "2022.05.07"]
[Round "8"]
[White "Chavez, Fernando G"]
[Black "Navarrete, Guillermo"]
[Result "1-0"]
[WhiteElo "2142"]
[BlackElo "1729"]
[PlyCount "107"]
[EventDate "2022.05.02"]
[EventType "swiss"]
[EventRounds "11"]
[EventCountry "ESA"]
[SourceTitle "CBM 208 Extra"]
[Source "ChessBase"]
[SourceDate "2022.07.31"]
[SourceVersion "1"]
[SourceVersionDate "2022.07.31"]
[SourceQuality "1"]

1. e4 c6 2. d4 d5 3. Nd2 dxe4 4. Nxe4 Nd7 5. Nf3 Ngf6 6. Nxf6+ Nxf6 7. Bc4 Bg4 8. Bxf7+ Kxf7 9. Ne5+ Kg8 10. Nxg4 Qd5 11. 0-0 Rd8 12. c3 Nxg4 13. Qxg4 h5 14. Qh3 g6 15. Re1 Bg7 16. Bf4 Kf7 17. Be5 Bf6 18. b3 Rhe8 19. f4 Qd7 20. Qxd7 Rxd7 21. Kf2 Ra8 22. Ke3 a5 23. c4 b5 24. cxb5 cxb5 25. Rec1 g5 26. Rc5 gxf4+ 27. Kxf4 Bxe5+ 28. Kxe5 Rg8 29. Rf1+ Ke8 30. g3 Rg5+ 31. Rf5 Rxf5+ 32. Kxf5 Rxd4 33. Rxb5 a4 34. Kg5 Rd2 35. h3 Rxa2 36. bxa4 Rxa4 37. Kxh5 Ra3 38. Kh4 Ra4+ 39. g4 Kf7 40. Kg5 Ra8 41. h4 Rg8+ 42. Kf4 Rh8 43. Rf5+ Ke6 44. h5 Kd6 45. Kg5 Rg8+ 46. Kh4 e5 47. g5 e4 48. h6 Ke6 49. Rf1 Ke5 50. h7 Rd8 51. g6 e3 52. g7 Rd4+ 53. Kg5 e2 54. Re1 1-0

[Event "American Continental 16th"]
[Site "San Salvador"]
[Date "2022.05.03"]
[Round "2"]
[White "Martell Arias, Saul Enrique"]
[Black "Navarrete, Guillermo"]
[Result "1-0"]
[WhiteElo "1272"]
[BlackElo "1729"]
[PlyCount "85"]
[EventDate "2022.05.02"]
[EventType "swiss"]
[EventRounds "11"]
[EventCountry "ESA"]
[SourceTitle "EXT 2023"]
[Source "ChessBase"]
[SourceDate "2022.10.05"]
[SourceVersion "1"]
[SourceVersionDate "2022.10.05"]
[SourceQuality "1"]

1. d4 Nf6 2. c4 e6 3. Nc3 Bb4 4. Qc2 d5 5. Bg5 h6 6. Bh4 0-0 7. e3 Be7 8. Nf3 a6 9. Bd3 dxc4 10. Bxc4 b5 11. Bd3 Bb7 12. 0-0 Nc6 13. Bxf6 Bxf6 14. a3 Rc8 15. Ne4 Be7 16. Nc5 Bxc5 17. Qxc5 Qd6 18. Rac1 Rfd8 19. Be4 Na5 20. Bxb7 Nxb7 21. Qc6 Na5 22. Qc3 Nc4 23. Rfd1 c5 24. dxc5 Qxd1+ 25. Rxd1 Rxd1+ 26. Ne1 Rxc5 27. b4 Nxa3 28. bxc5 b4 29. Qxb4 Nc2 30. Qc3 Nxe1 31. Kf1 Nd3+ 32. Ke2 Rc1 33. Kxd3 Rxc3+ 34. Kxc3 Kf8 35. Kb4 Ke7 36. Ka5 Kd7 37. Kxa6 Kc7 38. Kb5 f5 39. Kc4 Kc6 40. Kd4 g5 41. f4 g4 42. Ke5 Kxc5 43. Kxe6 1-0

[Event "American Continental 16th"]
[Site "San Salvador"]
[Date "2022.05.03"]
[Round "3"]
[White "Navarrete, Guillermo"]
[Black "Melara, Alejandra"]
[Result "1-0"]
[WhiteElo "1729"]
[BlackElo "1147"]
[PlyCount "57"]
[EventDate "2022.05.02"]
[EventType "swiss"]
[EventRounds "11"]
[EventCountry "ESA"]
[SourceTitle "CBM 208 Extra"]
[Source "ChessBase"]
[SourceDate "2022.07.31"]
[SourceVersion "1"]
[SourceVersionDate "2022.07.31"]
[SourceQuality "1"]

1. e4 c5 2. Nf3 Nc6 3. d4 cxd4 4. Nxd4 g6 5. Nc3 Bg7 6. Be3 Nf6 7. f3 0-0 8. Qd2 d6 9. Bc4 Qa5 10. Nb3 Qc7 11. 0-0-0 Ne5 12. Be2 Be6 13. h4 Nc4 14. Bxc4 Bxc4 15. Bh6 a5 16. Bxg7 Kxg7 17. g4 b5 18. h5 Bxb3 19. axb3 a4 20. bxa4 bxa4 21. hxg6 fxg6 22. Nd5 Nxd5 23. Qh6+ Kf7 24. Qxh7+ Ke8 25. Qxg6+ Kd8 26. Rxd5 Kc8 27. Qe6+ Kb8 28. Rb5+ Ka7 29. Qa2 1-0